Halo 4 Human Weapons Quiz - Statistics

General Stats
  • This quiz has been taken 1,016 times
  • The average score is 8 of 12
Answer Stats
Hint Answer % Correct
RPG Rocket Launcher
91%
Burst fire Battle Rifle
90%
Short range rapid fire Assault Rifle
86%
Pistol Magnum
86%
Long range Sniper Rifle
86%
Semi automatic med/long range DMR
82%
Short range Shotgun
77%
Vehicle destroyer Spartan Laser
65%
Similar to the SMG Saw
58%
Noob tube gun Rail Gun
39%
Short/Med range explosive Sticky Detonator
37%
Short/Med rapid fire heavy damage Turret
28%
No matching quizzes found
Score Distribution
Percent of People with Each Score
Percentile by Number Answered
Your Score History
You have not taken this quiz